| 000 | 005550000a22002170004500 | ||
|---|---|---|---|
| 040 | _aMAR | ||
| 365 | _b1.50/- | ||
| 650 | _aSankirna | ||
| 650 | _aTraimaasik-Marathi Sanshodhan Patrikaa | ||
| 650 | _aDnyandevacha Shodha | ||
| 650 | _aVishnu-Vishwaroop | ||
| 650 | _aMaarathi Koriva Lekh | ||
| 650 | _aMoropanta | ||
| 650 | _aAprakashita Kavya | ||
| 650 | _aMarathi Bhasha-Mool | ||
| 005 | 20120302054418.0 | ||
| 942 | _cBOOK | ||
| 245 | _a Marathi Sanshodhan Patrikaa | ||
| 260 | _aMumbai:Marathi Sanshodhan Mandal,1979. | ||
| 300 | _a103p. | ||
| 999 |
_c345554 _d345551 |
||